| 000 | 00795nam a22002292 4500 | ||
|---|---|---|---|
| 001 | 32543 | ||
| 003 | BD-RjUL | ||
| 005 | 20211209051843.0 | ||
| 008 | 140427t1918 enk 000 0 eng d | ||
| 035 | _a(BD-RjUL)32632 | ||
| 040 |
_aCLE _cCLE _dEQO _dBD-RjUL _beng |
||
| 041 | _aeng | ||
| 082 | 0 | 4 |
_a294.5514 _bWOS 1918 |
| 100 | 1 |
_aWoodroffe, John George, _d1865-1936. _995875 |
|
| 245 | 0 | 0 |
_aShakti and Shâkta : _bessays and addresses on the Shakta Tantrashâstra / _cby Sir John Woodroffe. |
| 250 | _a2d ed., rev. and enl. | ||
| 260 |
_aLondon : _bLuzac & co., _c1918. |
||
| 300 |
_aii, 191 p. ; _c25 cm. |
||
| 500 | _a"Seven of the original chapters embodied a set of lectures delivered before ... the Vivekânda society in Calcutta." | ||
| 650 | 0 |
_aShaktism. _995876 |
|
| 942 |
_2ddc _cBK |
||
| 999 |
_c32543 _d32543 |
||